000 01574nam a2200373 c 4500
003 BLK
005 20250113101345.0
008 180411b bul|||||r ||||||| ||bul||
010 _aKNG00214365000
020 _a978-954-8501-40-8
_bиздат.: Сатори Ко
040 _aBLK
041 _aBUL
_cBUL
072 7 _2bullib
_aН92
_xИстория Н
080 _aПаметници на културата на историческите периоди. Археологическите паметници. Старини
_b904
_x(497.2)
_z904(497.2)
100 _aБеленски, Бойко Цветков
_9262531
139 _aБеленски, Бойко Цветков
_bБ 34
245 1 0 _aИманярски въжделения
_bОткритите и неоткрити съкровища в България
_cБойко Цветков Беленски.
257 _aBGR
260 София
_bСатори Ко
_c2017
_fСофия : Вини-1836
300 _a130 с.
_bс ил., сх.
_c20 см
380 _a9
650 4 _aАрхеологични находки - България
_9273888
650 4 _aИманярство - България
_9157067
651 4 _aБългария
_9241624
653 _aархеологични находки
653 _aиманяри
659 _aН
852 _aЦб 288176
856 4 _qpdf
_u
856 4 _qpdf
_u
942 _cKNG
_n0
_04
944 _aCR
_c20.11.2017
_lМинев Младен
_k30530
944 _aED
_c02.01.2018
_lф /
_kЛюдмила_Стоянова
999 _c204790
_d204790